000 00408nam a2200157Ia 4500
008 221030s9999 xx 000 0 und d
020 _a8175153059
041 _aEnglish
082 _a105.23
_bJai
100 _aS. Jaiswal
245 0 _aE- Commerce (Electronic Communication for Business)
_cby S. Jaiswal
260 _bGalgotia Pub
_aNew Delhi
_c2006
300 _a564
650 _aBE Computer
942 _cBK
999 _c3606
_d3606